000
00243nam a2200097Ia 4500
001
690357
005
20250826161814.0
008
250824s9999 xx 000 0 und d
245
0
_a
BÜTÜN ÖYKÜLERİ
_c
VIRGINA WOOLF
260
_b
TİMAŞ YAYINLARI
999
_c
690357
_d
690357